| 000 | 00705nam a2200229 a 4500 | ||
|---|---|---|---|
| 008 | |||
| 020 | _a0333421701 (pbk.) | ||
| 049 | _aMAIN | ||
| 090 | _aREF QA76.5 | ||
| 100 | 1 | _aLongley, Dennis. | |
| 245 | 1 | 0 |
_aMacmillan dictionary of personal computing & communications / _cDenis Longley, Michael Shain. |
| 260 |
_aLondon : _bMacmillan, _c1986. |
||
| 300 |
_a396 p. : _bill. ; _c25 cm. |
||
| 650 | 0 |
_aMicrocomputers _xDictionaries. |
|
| 653 | _aMicrocomputer systems - Encyclopaedias | ||
| 700 | 1 | _aShain, Michael. | |
| 907 |
_a.b10056853 _b19-01-07 _c17-04-03 |
||
| 003 | |||
| 005 | 20230120191423.0 | ||
| 040 | _cNUST | ||
| 942 |
_cBOOKS _kREF QA76.5 |
||
| 999 |
_c100823 _d100823 |
||